[Event "26th Open"]
[Site "Cappelle la Grande FRA"]
[Date "2010.02.13"]
[Round "1"]
[White "Benitah,Y"]
[Black "Kazhgaleyev,M"]
[Result "0-1"]
[WhiteElo "2390"]
[BlackElo "2643"]
[EventDate "2010.02.13"]

1. d4 d5 2. c4 c6 3. Nf3 Nf6 4. Nc3 dxc4 5. a4 Bf5 6. Ne5 Nbd7 7. Nxc4 Qc7
8. g3 e5 9. dxe5 Nxe5 10. Bf4 Nfd7 11. Bg2 g5 12. Ne3 gxf4 13. Nxf5 O-O-O
14. O-O fxg3 15. hxg3 h5 16. Rc1 Qa5 17. Nd6+ Kb8 18. b4 Qxb4 19. Nxb7 Qxb7
20. Rb1 Bb4 21. a5 Nb6 22. Qc2 Bxa5 23. Ne4 Qe7 24. f4 f5 25. Nc5 Rd2 26.
Na6+ Kb7 27. Nc5+ Ka8 28. Qc1 Rc8 29. fxe5 Qxe5 30. Rf2 Rxe2 31. Nd7 Re1+
32. Qxe1 Qxe1+ 33. Rxe1 Bxe1 34. Nxb6+ axb6 35. Rxf5 Bxg3 36. Rxh5 Kb7 37.
Rg5 Bd6 38. Kf2 Rf8+ 39. Ke2 Rf7 40. Rg6 Kc7 41. Be4 b5 42. Rh6 Rf8 43. Kd3
Rd8 44. Kc2 Kb6 45. Kb3 c5 46. Bd5 Ka5 47. Rh7 Be5 48. Be6 Rd2 49. Ra7+ Kb6
50. Rd7 c4+ 51. Kb4 Ra2 0-1

[Event "26th Open"]
[Site "Cappelle la Grande FRA"]
[Date "2010.02.13"]
[Round "1"]
[White "Hammer,J"]
[Black "Clery,N"]
[Result "1-0"]
[WhiteElo "2627"]
[BlackElo "2390"]
[EventDate "2010.02.13"]

1. d4 d5 2. Nf3 Nf6 3. c4 e6 4. g3 Bb4+ 5. Bd2 Be7 6. Bg2 O-O 7. O-O c6 8.
Qc2 Nbd7 9. Bf4 b6 10. Rd1 Bb7 11. Nc3 Rc8 12. Ne5 Nh5 13. Bc1 f5 14. Qa4
Nxe5 15. dxe5 Qc7 16. Bf3 g6 17. Bh6 Rf7 18. Rac1 Qxe5 19. cxd5 cxd5 20.
Nxd5 Bc5 21. b4 Bxd5 22. bxc5 Rfc7 23. Bxh5 gxh5 24. Bf4 Qb2 25. Rc2 Qg7
26. Bxc7 Qxc7 27. Rdc1 Qe5 28. cxb6 Rxc2 29. Qxc2 axb6 30. Qc8+ 1-0

[Event "26th Open"]
[Site "Cappelle la Grande FRA"]
[Date "2010.02.13"]
[Round "1"]
[White "Sieciechowicz,M"]
[Black "Drozdovskij,Y"]
[Result "1/2-1/2"]
[WhiteElo "2386"]
[BlackElo "2624"]
[EventDate "2010.02.13"]

1. d4 Nf6 2. c4 e6 3. Nf3 d5 4. Nc3 Bb4 5. Bg5 Nbd7 6. cxd5 exd5 7. e3 c5
8. Bd3 Qa5 9. Qc2 c4 10. Bf5 O-O 11. O-O Re8 12. Nd2 g6 13. Bh3 Kg7 14. Bh4
Nb6 15. Nb3 cxb3 16. axb3 Bxc3 17. Rxa5 Bxa5 18. Qc5 Bxh3 19. Bxf6+ Kxf6
20. gxh3 Bd2 21. Rd1 Bxe3 22. fxe3 Rxe3 23. Rf1+ Kg7 24. Qc7 Rf8 25. Qxb7
Rxb3 26. Rf2 a5 27. h4 h5 28. Qe7 a4 29. Rf6 1/2-1/2

[Event "26th Open"]
[Site "Cappelle la Grande FRA"]
[Date "2010.02.13"]
[Round "1"]
[White "Rozentalis,E"]
[Black "Cabrera Trujillo,J"]
[Result "1-0"]
[WhiteElo "2623"]
[BlackElo "2384"]
[EventDate "2010.02.13"]

1. e4 c5 2. Nc3 a6 3. g3 b5 4. Bg2 Bb7 5. Nge2 e6 6. O-O d5 7. exd5 b4 8.
Na4 Bxd5 9. Bxd5 exd5 10. Re1 Be7 11. Nf4 Kf8 12. d4 c4 13. Qf3 Nf6 14. Re5
Nc6 15. Rxd5 Qb8 16. Nc5 Qc8 17. Be3 Nxd5 18. Nxd5 Nxd4 19. Bxd4 Bxc5 20.
Bxc5+ Qxc5 21. Nc7 1-0

[Event "26th Open"]
[Site "Cappelle la Grande FRA"]
[Date "2010.02.13"]
[Round "1"]
[White "Sveshnikov,V"]
[Black "Sandipan,C"]
[Result "0-1"]
[WhiteElo "2381"]
[BlackElo "2622"]
[EventDate "2010.02.13"]

1. e4 c5 2. c3 Nf6 3. e5 Ng8 4. d4 d6 5. exd6 cxd4 6. dxe7 Bxe7 7. Qxd4
Qxd4 8. cxd4 Nc6 9. Bb5 Bf6 10. Nc3 Bd7 11. Nge2 Nxd4 12. Bxd7+ Kxd7 13.
O-O Nxe2+ 14. Nxe2 Ne7 15. Be3 Rhc8 16. Rad1+ Ke8 17. Bd4 Rc2 18. Bxf6 gxf6
19. Nc3 Rxb2 20. Rd6 f5 21. Re1 Rc8 22. Nd1 Rb1 23. g3 Rd8 24. Rxd8+ Kxd8
0-1

[Event "26th Open"]
[Site "Cappelle la Grande FRA"]
[Date "2010.02.13"]
[Round "1"]
[White "Cori T.,D"]
[Black "Sumets,A"]
[Result "1/2-1/2"]
[WhiteElo "2374"]
[BlackElo "2621"]
[EventDate "2010.02.13"]

1. d4 d5 2. c4 dxc4 3. e3 e5 4. Bxc4 exd4 5. exd4 Nf6 6. Nf3 Bd6 7. O-O O-O
8. Bg5 h6 9. Bh4 Nc6 10. Nc3 Bg4 11. d5 Ne5 12. Be2 Ng6 13. Bg3 Bxg3 14.
hxg3 Ne7 15. Qb3 Qd6 16. Rfd1 a6 17. Rd2 Rfd8 18. Rad1 Rab8 19. a4 Nf5 20.
Qc4 Re8 21. Nd4 Nxd4 22. Bxg4 Nxg4 23. Rxd4 Nf6 24. Qb4 Qxb4 25. Rxb4 Red8
26. a5 Kf8 27. Na4 Rxd5 28. Rxd5 Nxd5 29. Rb3 Ke7 30. Nc5 Kd6 31. Nxa6 Ra8
32. Nb4 Nxb4 33. Rxb4 Rxa5 34. Rxb7 Ra1+ 35. Kh2 h5 36. Rb4 Rb1 37. Rd4+
Ke5 38. Rd7 c5 39. Rxf7 Rxb2 40. f4+ Kd4 41. Rxg7 c4 42. Rd7+ Ke3 43. Rc7
Kd3 44. g4 hxg4 45. Kg3 c3 46. f5 c2 47. f6 Rb6 48. f7 Rf6 49. Rd7+ Ke2 50.
Re7+ Kd2 1/2-1/2

[Event "26th Open"]
[Site "Cappelle la Grande FRA"]
[Date "2010.02.13"]
[Round "1"]
[White "Vorobiov,E"]
[Black "Strunski,A"]
[Result "1/2-1/2"]
[WhiteElo "2621"]
[BlackElo "2370"]
[EventDate "2010.02.13"]

1. e4 c5 2. Nf3 a6 3. Nc3 e6 4. d4 cxd4 5. Nxd4 Qc7 6. Bd3 Nc6 7. Nxc6 dxc6
8. O-O e5 9. Be3 Nf6 10. Na4 Bg4 11. f3 Be6 12. Qe1 Nd7 13. Qf2 Be7 14. c4
O-O 15. c5 Rad8 16. Rfd1 Rfe8 17. b3 Nf8 18. Nb6 Nd7 19. Nc4 Nf8 20. Bf1
Bxc4 21. Bxc4 Bf6 22. g3 Ne6 23. Kg2 h6 24. b4 Bg5 25. Bxe6 Rxe6 26. Bxg5
hxg5 27. Qe3 Qe7 28. Rd2 Rxd2+ 29. Qxd2 Kf8 30. Rd1 Ke8 31. a4 Rg6 32. g4
Re6 33. Kg3 Kf8 34. Qe3 Qf6 35. Rd7 Qf4+ 36. Qxf4 exf4+ 37. Kg2 Re7 38.
Rd8+ Re8 39. Rxe8+ Kxe8 40. h4 f6 41. hxg5 fxg5 42. Kf2 Ke7 43. Ke2 Ke6 44.
Kd3 Ke5 45. Kc4 Ke6 46. b5 a5 1/2-1/2

[Event "26th Open"]
[Site "Cappelle la Grande FRA"]
[Date "2010.02.13"]
[Round "1"]
[White "Nikcevic,N"]
[Black "Balogh,C"]
[Result "1/2-1/2"]
[WhiteElo "2368"]
[BlackElo "2619"]
[EventDate "2010.02.13"]

1. Nf3 Nf6 2. c4 e6 3. g3 d5 4. b3 c5 5. Bg2 Nc6 6. O-O d4 7. d3 Be7 8. e4
e5 9. Ne1 h5 10. h3 h4 11. g4 Nd7 12. f4 exf4 13. Bxf4 Nde5 14. Nd2 Bd6 15.
Qe2 Be6 16. a3 Qc7 17. Nc2 Nxc4 18. e5 Bxe5 19. bxc4 Bxf4 20. Ne4 Qe5 21.
Rab1 O-O 22. Rxb7 Rab8 23. Rxb8 Rxb8 24. Qf3 Bh2+ 25. Kh1 Rb2 26. Ne1 Ne7
27. Nxc5 Qxc5 28. Kxh2 Ng6 29. Qa8+ Kh7 30. Qe4 Qe5+ 31. Kg1 Re2 32. Qxe5
Nxe5 33. Nf3 Nxf3+ 34. Rxf3 Ra2 35. Rf4 Rxa3 36. Rxd4 a5 37. Bd5 a4 38.
Bxe6 fxe6 39. c5 e5 40. Rc4 Rxd3 41. Rxa4 Rc3 42. g5 Kg6 43. Rxh4 Kxg5 44.
Rg4+ Kf6 45. Kg2 Rxc5 46. Ra4 Rc7 47. Kg3 Kf5 48. Ra3 Rd7 49. Ra4 Rd3+ 50.
Kg2 e4 51. Ra7 g6 52. Rf7+ Ke5 53. Re7+ Kf4 54. Rf7+ Ke5 55. Re7+ Kf5 56.
Rf7+ Ke6 57. Rf8 Rd5 58. Re8+ Kf5 59. Rf8+ Ke6 60. Re8+ Kf5 61. Rf8+ Ke5
62. Rg8 Rd6 63. Kf2 Rc6 64. Re8+ Re6 65. Ra8 Rf6+ 66. Ke2 Kf4 67. Re8 Rb6
68. Rf8+ Kg5 69. Re8 Kf5 70. Rf8+ Ke5 71. Re8+ Kf5 72. Rf8+ Rf6 73. Re8 Kf4
74. Kf2 Rf5 75. Re6 g5 76. Re8 Rc5 77. Rf8+ Ke5 78. Re8+ Kd4 79. Rd8+ Rd5
80. Ra8 Rf5+ 81. Ke2 Rf3 82. Rd8+ Ke5 83. Re8+ Kf4 84. Rf8+ Kg3 85. Rg8 Rf5
86. Rh8 Kf4 87. Ra8 Re5 88. Rf8+ Rf5 89. Re8 Ra5 90. Rf8+ Ke5 91. Re8+ Kd4
92. Rd8+ Rd5 93. Re8 Rd6 94. Rg8 Rh6 95. Rxg5 Rxh3 96. Ra5 Rh2+ 97. Ke1 e3
98. Ra8 Rh1+ 99. Ke2 Rh2+ 100. Ke1 Ke5 1/2-1/2

[Event "26th Open"]
[Site "Cappelle la Grande FRA"]
[Date "2010.02.13"]
[Round "1"]
[White "Fedorchuk,S"]
[Black "Solomon,K"]
[Result "1-0"]
[WhiteElo "2641"]
[BlackElo "2368"]
[EventDate "2010.02.13"]

1. e4 c5 2. Nf3 e6 3. d4 cxd4 4. Nxd4 a6 5. Be2 b5 6. a4 b4 7. O-O Bb7 8.
Nd2 Ne7 9. a5 Ng6 10. Re1 Be7 11. Bf1 d5 12. exd5 Qxd5 13. Nc4 Nc6 14. Nb3
Rd8 15. Qxd5 exd5 16. Nb6 O-O 17. Na4 Rfe8 18. Be3 Bf6 19. Bb6 Rxe1 20.
Rxe1 Rf8 21. Nbc5 Bc8 22. Bxa6 Bxa6 23. Nxa6 h5 24. Nc7 Nge7 25. b3 Rc8 26.
Rd1 d4 27. f4 g5 28. g3 gxf4 29. gxf4 Kh7 30. Kf2 Kg6 31. Kf3 Kf5 32. Nb5
Ra8 33. Nd6+ Ke6 34. Nc4 Nd5 35. Nc5+ Kf5 36. Nd6+ Kg6 37. Nd7 Be7 38. Rg1+
Kh7 39. Nxf7 Nxa5 40. Bxd4 Bf6 41. Ke4 Be7 1-0

[Event "26th Open"]
[Site "Cappelle la Grande FRA"]
[Date "2010.02.13"]
[Round "1"]
[White "Giffard,N"]
[Black "Sanikidze,T"]
[Result "1/2-1/2"]
[WhiteElo "2363"]
[BlackElo "2615"]
[EventDate "2010.02.13"]

1. d4 Nf6 2. c4 e6 3. Nc3 Bb4 4. Qb3 c5 5. Nf3 Ne4 6. Bd2 Nxd2 7. Nxd2 Qa5
8. dxc5 Na6 9. g3 Nxc5 10. Qc2 Bxc3 11. bxc3 Rb8 12. Bg2 b6 13. O-O Qa4 14.
Qb1 O-O 15. Be4 Nxe4 16. Qxe4 Bb7 17. Qe3 Rbc8 18. Rfb1 Qc6 19. f3 Ba6 20.
Rb4 d5 21. a4 Rfd8 22. a5 Qc5 23. Qxc5 bxc5 24. Rb2 d4 25. Rc1 e5 26. Kf2
f5 27. cxd4 cxd4 28. Rb4 Kf7 29. e3 dxe3+ 30. Kxe3 Kf6 31. Nb3 g5 32. Rc3
h5 33. c5 Rc6 34. h4 f4+ 35. Kf2 Rd1 36. hxg5+ Kxg5 37. gxf4+ exf4 38. Rd4
Rf1+ 39. Kg2 Re6 40. Rc1 Rxc1 41. Nxc1 Re5 42. Nb3 Re2+ 43. Kg1 Kh4 44. Rd2
Rxd2 45. Nxd2 Kg3 46. c6 h4 47. c7 h3 48. Kh1 h2 49. Ne4+ Kxf3 50. Nc5 Bc8
51. Kxh2 Ke3 52. Na4 f3 53. Nc3 f2 54. Nd1+ Kf3 55. Nxf2 Kxf2 56. Kh1 Kg3
57. Kg1 Bh3 58. Kh1 Kf3 59. Kh2 Bc8 60. Kg1 Ba6 61. Kh2 Ke3 62. Kg1 Kf3 63.
Kh2 Ke4 64. Kg1 Ke3 65. Kg2 Kd4 66. Kf2 Kd3 67. Ke1 Kc2 68. Kf2 Kd2 69. Kg1
Bc8 70. Kf1 Bf5 71. Kf2 Bg4 72. Kf1 Ke3 73. Ke1 a6 74. Kf1 Kd3 75. Kf2 Kd2
76. Kf1 Bh3+ 77. Kf2 Bf5 78. Kf1 Kd3 79. Ke1 Bg4 80. Kf2 Kd2 81. Kf1 Kc3
82. Ke1 Kc2 83. Kf2 Kd2 84. Kf1 Bf5 85. Kf2 Kc3 86. Ke1 Bg4 87. Kf2 Kd4 88.
Ke1 Kc3 89. Kf2 Kb4 90. Ke1 Kxa5 91. Kd2 Kb4 92. Kc2 Ka3 93. Kb1 Bc8 94.
Ka1 Kb3 95. Kb1 Bf5+ 96. Ka1 a5 97. c8=Q Bxc8 98. Kb1 Bf5+ 99. Ka1 a4
1/2-1/2

[Event "26th Open"]
[Site "Cappelle la Grande FRA"]
[Date "2010.02.13"]
[Round "1"]
[White "Mamedov,Nid"]
[Black "Nyysti,S"]
[Result "1-0"]
[WhiteElo "2610"]
[BlackElo "2363"]
[EventDate "2010.02.13"]

1. e4 e5 2. Nf3 Nc6 3. Bb5 a6 4. Ba4 Nf6 5. O-O Be7 6. Re1 b5 7. Bb3 d6 8.
c3 O-O 9. h3 Na5 10. Bc2 c5 11. d3 Nc6 12. Nbd2 Re8 13. Nf1 Bf8 14. Bg5 h6
15. Bh4 Be7 16. Ne3 Nh5 17. Nxe5 Bxh4 18. Nxc6 Qg5 19. Qf3 Bd7 20. Na5 Re6
21. Nf5 Rf6 22. Qg4 Bxf2+ 23. Kxf2 g6 24. Qxg5 hxg5 25. g4 Nf4 26. Ne3
Nxd3+ 27. Kg3 Nxe1 28. Rxe1 Re6 29. Bb3 c4 30. Bc2 Rc8 31. Rd1 Bc6 32. Nxc6
Rxc6 33. Nd5 Re5 34. a4 bxa4 35. Bxa4 Rc8 36. Rd4 Kg7 37. Nb6 1-0

[Event "26th Open"]
[Site "Cappelle la Grande FRA"]
[Date "2010.02.13"]
[Round "1"]
[White "Dinger,Fl"]
[Black "Gharamian,T"]
[Result "0-1"]
[WhiteElo "2359"]
[BlackElo "2609"]
[EventDate "2010.02.13"]

1. e4 Nf6 2. Nc3 d5 3. e5 Nfd7 4. d4 c5 5. f4 cxd4 6. Nb5 Nc6 7. Nxd4 Nxd4
8. Qxd4 e6 9. Be3 Bc5 10. Qc3 Qb6 11. Bxc5 Nxc5 12. Qd4 Bd7 13. a4 a5 14.
b3 O-O 15. Nf3 Rfc8 16. Be2 Qc7 17. O-O Na6 18. Bxa6 Rxa6 19. Rf2 Rc6 20.
Ra2 Rc3 21. Rd2 b5 22. axb5 Bxb5 23. Qf2 Bd7 24. Nd4 g6 25. Ne2 Rc5 26. h4
h5 27. Kh2 Qb6 28. Qg1 Qb4 29. Qd4 Qb6 30. Qa1 Qb4 31. Qd4 Qb6 32. Qa1 Qc7
33. Qd1 Rb8 34. Kh1 Rb4 35. Rd4 Bb5 36. Rxb4 Bxe2 37. Qxe2 axb4 38. Qd2 Rc3
39. Qd4 Qd8 40. Qf2 Kg7 41. Ra4 Qc7 42. Qa7 Qd8 43. Qf2 Qe7 44. Kg1 Rc7 45.
Ra8 Rc3 46. Ra7 Rc7 47. Ra8 Rc5 48. Ra4 Qc7 49. Qg3 Ra5 50. Rxa5 Qxa5 51.
Qf2 Qa1+ 52. Kh2 Qd1 53. g3 d4 0-1

[Event "26th Open"]
[Site "Cappelle la Grande FRA"]
[Date "2010.02.13"]
[Round "1"]
[White "Edouard,R"]
[Black "Bernard,Ch"]
[Result "1-0"]
[WhiteElo "2608"]
[BlackElo "2358"]
[EventDate "2010.02.13"]

1. d4 Nf6 2. c4 c5 3. d5 e6 4. Nc3 exd5 5. cxd5 d6 6. Nf3 g6 7. Bf4 Bg7 8.
Qa4+ Bd7 9. Qb3 Qc7 10. e4 O-O 11. Be2 a6 12. a4 Bg4 13. h3 Bxf3 14. Bxf3
Nbd7 15. O-O Rfe8 16. Rfe1 Rab8 17. a5 b5 18. axb6 Rxb6 19. Qc2 a5 20. Ra2
Rb4 21. Rea1 Reb8 22. Bc1 Ne5 23. Be2 Nc4 24. Bxc4 Rxc4 25. Qe2 Rcb4 26.
Rxa5 h5 27. Ra8 Rxa8 28. Rxa8+ Kh7 29. Ra6 Qe7 30. Bf4 Nxe4 31. Bxd6 Qh4
32. Nxe4 Rxe4 33. Qf3 Re1+ 34. Kh2 Rf1 35. Qxf7 Rxf2 36. Qe6 Qg5 37. Bg3
Rf6 38. Qe7 Rf5 39. d6 h4 40. Bxh4 Qc1 41. Ra7 Qxb2 42. Qxg7+ 1-0

[Event "26th Open"]
[Site "Cappelle la Grande FRA"]
[Date "2010.02.13"]
[Round "1"]
[White "Laurent,B"]
[Black "Corrales Jimenez,F"]
[Result "0-1"]
[WhiteElo "2355"]
[BlackElo "2602"]
[EventDate "2010.02.13"]

1. e4 c5 2. c3 Nf6 3. e5 Nd5 4. d4 cxd4 5. Nf3 Nc6 6. cxd4 d6 7. Bc4 Nb6 8.
Bb5 dxe5 9. Nxe5 Bd7 10. Nc3 Nxe5 11. dxe5 e6 12. O-O Bb4 13. Qg4 Bf8 14.
Bg5 Qc7 15. Rac1 Bc6 16. Rfd1 h6 17. Bh4 g5 18. Bg3 Be7 19. Bxc6+ bxc6 20.
Nb5 Qb7 21. Nd6+ Bxd6 22. Rxd6 Nd5 23. h4 Rc8 24. Qh5 Kf8 25. hxg5 Qxb2 26.
Rc4 Qb1+ 27. Kh2 Qf5 28. Rh4 Rh7 29. Rd7 Kg8 30. Rxa7 hxg5 31. Qxh7+ Qxh7
32. Rxh7 Kxh7 33. f4 gxf4 34. Bxf4 c5 35. Bc1 Kg6 36. Kg3 c4 37. Kf3 Rh8
38. Ra4 c3 0-1

[Event "26th Open"]
[Site "Cappelle la Grande FRA"]
[Date "2010.02.13"]
[Round "1"]
[White "Kryvoruchko,Y"]
[Black "Grekh,A"]
[Result "1-0"]
[WhiteElo "2598"]
[BlackElo "2333"]
[EventDate "2010.02.13"]

1. e4 c5 2. Nf3 d6 3. c3 Nf6 4. h3 g6 5. Bd3 Bg7 6. O-O O-O 7. Bc2 b6 8. d4
Bb7 9. Re1 Na6 10. a3 Rc8 11. Bg5 Qc7 12. Bd3 e5 13. dxe5 dxe5 14. Nbd2 h6
15. Bxf6 Bxf6 16. Qa4 Nb8 17. Qxa7 Rfd8 18. Bb5 Nd7 19. Qa4 Nf8 20. Nc4 Ra8
21. Qc2 Ne6 22. Ne3 Nf4 23. h4 Ra5 24. Bf1 b5 25. g3 Ne6 26. a4 Rxa4 27.
Rxa4 bxa4 28. Qxa4 Bg7 29. Qc2 Qc6 30. Ng4 Qd6 31. Bc4 Kh8 32. Ne3 Nc7 33.
Rd1 Qf6 34. Rxd8+ Qxd8 35. Qd3 Qf6 36. Kg2 Qe7 37. Nd5 Bxd5 38. Bxd5 Bf8
39. Nd2 Kg7 40. Nc4 Qf6 41. Qd1 Qe7 42. Ne3 Qd7 43. Qb3 Bd6 44. Qb7 Qb5 45.
Nc4 Qd7 46. Qc6 1-0

[Event "26th Open"]
[Site "Cappelle la Grande FRA"]
[Date "2010.02.13"]
[Round "1"]
[White "Payen,Ar"]
[Black "Fier,A"]
[Result "1/2-1/2"]
[WhiteElo "2352"]
[BlackElo "2601"]
[EventDate "2010.02.13"]

1. d4 Nf6 2. Nf3 e6 3. e3 b6 4. Bd3 Bb7 5. O-O c5 6. c4 Be7 7. Nc3 cxd4 8.
exd4 d6 9. d5 e5 10. Nh4 g6 11. Bh6 Nbd7 12. g3 a6 13. Ng2 Bf8 14. Bxf8
Kxf8 15. Qd2 Kg7 16. Rae1 Qc7 17. Nh4 Nc5 18. Nf5+ gxf5 19. Qg5+ Kf8 20.
Qxf6 Nxd3 21. Qxh8+ Ke7 22. Qxh7 Nxe1 23. Qh4+ Ke8 24. Rxe1 Qe7 25. Qxe7+
Kxe7 26. f4 f6 27. a4 Bc8 28. Ra1 Bd7 29. Ra3 Rc8 30. Rb3 Rxc4 31. Rxb6
Bxa4 32. Rxa6 Bd7 33. Rb6 exf4 34. Kf2 fxg3+ 35. hxg3 f4 36. gxf4 Rxf4+ 37.
Ke3 Rh4 38. Ne4 Rh3+ 39. Kf4 Rh4+ 40. Ke3 Rh3+ 41. Kf4 Rh5 42. Nxd6 Rxd5
43. Ne4 1/2-1/2

[Event "26th Open"]
[Site "Cappelle la Grande FRA"]
[Date "2010.02.13"]
[Round "1"]
[White "Kovalyov,A"]
[Black "Geenen,M"]
[Result "1-0"]
[WhiteElo "2601"]
[BlackElo "2352"]
[EventDate "2010.02.13"]

1. Nf3 Nf6 2. c4 g6 3. Nc3 Bg7 4. e4 d6 5. d4 O-O 6. Be2 e5 7. Be3 Na6 8.
O-O Ng4 9. Bg5 Qe8 10. h3 h6 11. Bh4 exd4 12. Nxd4 Nf6 13. Bd3 Nd7 14. Ndb5
g5 15. Bg3 Be5 16. f4 gxf4 17. Bxf4 Bxf4 18. Rxf4 Qe5 19. Qd2 Ndc5 20. Be2
c6 21. Qxd6 f6 22. Raf1 Nd7 23. Qxe5 Nxe5 24. Nd6 Kg7 25. Rxf6 Rh8 1-0

[Event "26th Open"]
[Site "Cappelle la Grande FRA"]
[Date "2010.02.13"]
[Round "1"]
[White "Valuet,B"]
[Black "Gurevich,M"]
[Result "0-1"]
[WhiteElo "2350"]
[BlackElo "2597"]
[EventDate "2010.02.13"]

1. e4 e6 2. d4 d5 3. Nc3 Nf6 4. Bg5 dxe4 5. Nxe4 Be7 6. Bxf6 Bxf6 7. Nf3
Nd7 8. Bb5 a6 9. Nxf6+ Qxf6 10. Bxd7+ Bxd7 11. Ne5 Rd8 12. Qd2 O-O 13.
O-O-O Bc8 14. Qe3 Qe7 15. h4 f6 16. Nd3 Qd6 17. Nf4 Rfe8 18. Rhe1 b6 19. c4
Qb4 20. Qb3 Qd6 21. g3 c5 22. d5 e5 23. Ng2 b5 24. Ne3 Bd7 25. Qc2 Rb8 26.
Qe4 g6 27. g4 Rf8 28. Qg2 Kh8 29. h5 f5 30. hxg6 Qxg6 31. gxf5 Qxg2 32.
Nxg2 Rxf5 33. f4 exf4 34. Re7 Be8 35. d6 Rd8 36. d7 Bf7 37. Rf1 Kg7 38. Nh4
Rf6 39. Nf3 Kf8 40. Rfe1 h6 41. b4 Rd6 42. bxc5 R6xd7 43. Rxd7 Rxd7 44.
cxb5 axb5 45. Kb2 Rd3 46. Rf1 Rd5 47. c6 Ke7 48. Rc1 Be6 49. c7 Bc8 50.
Re1+ Kd6 51. Re4 Kxc7 52. Nd4 Kd6 53. Rxf4 Ke5 54. Rf8 Kxd4 55. Rxc8 h5 56.
a4 bxa4 57. Ra8 Ke4 58. Rxa4+ Kf3 59. Kc1 Kg3 60. Ra3+ Kg4 61. Ra4+ Kg5 62.
Ra8 h4 63. Rh8 Kg4 64. Rg8+ Rg5 65. Rf8 h3 66. Kd1 h2 0-1

[Event "26th Open"]
[Site "Cappelle la Grande FRA"]
[Date "2010.02.14"]
[Round "2"]
[White "Vovk,A"]
[Black "Sokolov,Ivan"]
[Result "1/2-1/2"]
[WhiteElo "2508"]
[BlackElo "2649"]
[EventDate "2010.02.13"]

1. e4 e5 2. Nf3 Nc6 3. d4 exd4 4. Nxd4 Bc5 5. Be3 Qf6 6. c3 Nge7 7. g3 d6
8. Bg2 Bd7 9. O-O Ne5 10. h3 h5 11. Nd2 g5 12. b4 Bb6 13. a4 a6 14. a5 Ba7
15. Qb3 h4 16. g4 N7g6 17. b5 Bc5 18. bxa6 bxa6 19. N4f3 Bxe3 20. fxe3 Qe7
21. Nd4 Be6 22. Qc2 O-O 23. Rfb1 Rfb8 24. Bf1 Qd7 25. Qd1 Qc8 26. Be2 Bd7
27. Qf1 c5 28. N4f3 Qd8 29. Rxb8 Rxb8 30. Bxa6 Ra8 31. Bc4 Rxa5 32. Rxa5
Qxa5 33. Nxg5 Qxc3 34. Bxf7+ Kg7 35. Qf2 Nd3 36. Qe2 Nge5 37. Bd5 Qc2 38.
Bb3 Qb2 39. Qd1 Qc3 40. Ngf3 c4 41. Ba2 Nxf3+ 42. Nxf3 Ne5 43. Qd4 Qc1+ 44.
Kg2 Qc2+ 45. Kf1 Bxg4 46. hxg4 h3 47. Nxe5 Qg2+ 48. Ke1 Qg3+ 49. Ke2 Qg2+
50. Ke1 Qg1+ 51. Ke2 Qh2+ 52. Kf3 Qg2+ 53. Kf4 Qh2+ 54. Kf3 Qg2+ 1/2-1/2

[Event "26th Open"]
[Site "Cappelle la Grande FRA"]
[Date "2010.02.14"]
[Round "2"]
[White "Kazhgaleyev,M"]
[Black "Tomczak,J"]
[Result "1/2-1/2"]
[WhiteElo "2643"]
[BlackElo "2500"]
[EventDate "2010.02.13"]

1. d4 Nf6 2. c4 g6 3. g3 Bg7 4. Bg2 d5 5. cxd5 Nxd5 6. Nf3 Nb6 7. Nc3 Nc6
8. e3 O-O 9. O-O Re8 10. Re1 a5 11. Qe2 e5 12. Nxe5 Nxe5 13. dxe5 Bxe5 14.
e4 Bd7 15. f4 Bxc3 16. bxc3 Bc6 17. Bb2 Qe7 18. Rad1 Qc5+ 19. Kh1 Nc4 20.
Rd4 b5 21. h4 Rad8 22. Red1 Qe7 23. Rxd8 Rxd8 24. Rxd8+ Qxd8 25. Bc1 Qa8
26. Kh2 f5 27. exf5 Bxg2 28. Qe6+ Kh8 29. Qf6+ Kg8 30. Qe6+ Kh8 31. fxg6
Qc6 32. Qe7 hxg6 33. f5 Bh1 34. Qf8+ Kh7 35. Qf7+ Kh8 36. Qf8+ Kh7 37.
fxg6+ Kxg6 38. h5+ Kh7 39. Qf7+ Kh8 40. Qf8+ Kh7 41. Qf7+ 1/2-1/2

[Event "26th Open"]
[Site "Cappelle la Grande FRA"]
[Date "2010.02.14"]
[Round "2"]
[White "Szabo,Krisz1"]
[Black "Hammer,J"]
[Result "1/2-1/2"]
[WhiteElo "2500"]
[BlackElo "2627"]
[EventDate "2010.02.13"]

1. e4 e5 2. Nf3 Nc6 3. Bb5 Nf6 4. Nc3 Bb4 5. O-O O-O 6. d3 d6 7. Bg5 Bxc3
8. bxc3 Qe7 9. Re1 Nd8 10. d4 Ne6 11. Bc1 c5 12. Bf1 Rd8 13. d5 Nf8 14. g3
h6 15. Nh4 N6h7 16. c4 Qf6 17. Qf3 Qxf3 18. Nxf3 g5 19. h4 f6 20. a4 Bd7
1/2-1/2

[Event "26th Open"]
[Site "Cappelle la Grande FRA"]
[Date "2010.02.14"]
[Round "2"]
[White "Libiszewski,F"]
[Black "Rozentalis,E"]
[Result "0-1"]
[WhiteElo "2499"]
[BlackElo "2623"]
[EventDate "2010.02.13"]

1. e4 e6 2. d4 d5 3. Nc3 Bb4 4. e5 c5 5. a3 Bxc3+ 6. bxc3 Ne7 7. Qg4 Qa5 8.
Bd2 Ng6 9. h4 h5 10. Qg5 Nc6 11. Bd3 Nce7 12. dxc5 Bd7 13. Ne2 O-O-O 14.
Nd4 Qxc5 15. O-O f6 16. exf6 gxf6 17. Qxf6 Rdf8 18. Nb3 Qc7 19. Qd4 Nc6 20.
Qa4 Nf4 21. Nc5 Rhg8 22. g3 Nh3+ 23. Kg2 Rxf2+ 0-1

[Event "26th Open"]
[Site "Cappelle la Grande FRA"]
[Date "2010.02.14"]
[Round "2"]
[White "Sandipan,C"]
[Black "Vera Gonzalez Quevedo,R"]
[Result "1/2-1/2"]
[WhiteElo "2622"]
[BlackElo "2499"]
[EventDate "2010.02.13"]

1. d4 Nf6 2. c4 e6 3. Nc3 Bb4 4. g3 O-O 5. Bg2 d5 6. Nf3 dxc4 7. O-O Nc6 8.
a3 Be7 9. e4 Na5 10. Qe2 Nb3 11. e5 Nd5 12. Rb1 a5 13. Qxc4 a4 14. Rd1 Bd7
15. Nd2 Nxd2 16. Bxd2 Bc6 17. Ne4 Ra6 18. h4 h6 19. Re1 Re8 20. Rbd1 Bf8
21. h5 Rb6 22. Qc2 Rb3 23. g4 Qh4 24. f3 Bb5 25. Nc3 Nxc3 26. Bxc3 Bc6 27.
Rc1 Bd5 28. Qf2 Qxf2+ 29. Kxf2 c5 30. f4 b5 31. Bxd5 exd5 32. dxc5 Bxc5+
33. Ke2 d4 34. Bd2 d3+ 35. Kd1 Bd4 36. Bc3 Rd8 37. Bxd4 Rxd4 38. e6 fxe6
39. Rc8+ Kf7 40. Rc7+ Kf6 41. g5+ hxg5 42. fxg5+ Kxg5 43. Rxg7+ Kf6 44.
Rg6+ Kf5 45. Rg2 d2 46. Rf2+ Kg5 47. Re5+ Kh4 48. Rxd2 Rxd2+ 49. Kxd2 Rxb2+
50. Kc3 Rb3+ 51. Kd4 b4 52. axb4 Rxb4+ 53. Kc3 Rb8 54. h6 Rh8 55. Rxe6 Kg5
1/2-1/2

[Event "26th Open"]
[Site "Cappelle la Grande FRA"]
[Date "2010.02.14"]
[Round "2"]
[White "Wirig,A"]
[Black "Mamedov,Nid"]
[Result "1/2-1/2"]
[WhiteElo "2497"]
[BlackElo "2610"]
[EventDate "2010.02.13"]

1. e4 c5 2. Nf3 d6 3. d4 cxd4 4. Nxd4 Nf6 5. Nc3 Nc6 6. Bg5 e6 7. Qd2 a6 8.
O-O-O Bd7 9. f4 Be7 10. Nf3 b5 11. Bxf6 gxf6 12. Kb1 Qb6 13. f5 O-O-O 14.
Ne2 Kb8 15. Nf4 Bc8 16. Bd3 Ne5 17. Qe2 Rhe8 18. Rhf1 Qc5 19. c3 Bf8 20.
fxe6 fxe6 21. Nd4 Bh6 22. Nh5 Nxd3 23. Rxd3 f5 24. exf5 exf5 25. Qd1 Bb7
26. Nf6 Re5 27. Nf3 Re3 28. Rxe3 Bxe3 29. Qd3 f4 30. Rd1 h6 31. Ka1 Ka8 32.
a3 Qc4 33. Qxc4 bxc4 34. h3 h5 35. h4 a5 36. Nd5 Ka7 37. Kb1 Rf8 38. Nxe3
fxe3 39. Rxd6 Bxf3 40. gxf3 Rxf3 41. Re6 Rf1+ 42. Kc2 Rf2+ 1/2-1/2

[Event "26th Open"]
[Site "Cappelle la Grande FRA"]
[Date "2010.02.14"]
[Round "2"]
[White "Gharamian,T"]
[Black "Rombaldoni,D"]
[Result "1-0"]
[WhiteElo "2609"]
[BlackElo "2497"]
[EventDate "2010.02.13"]

1. e4 c6 2. d4 d5 3. e5 Bf5 4. Nf3 e6 5. Be2 c5 6. Be3 cxd4 7. Nxd4 Ne7 8.
Nd2 Nbc6 9. N2f3 Be4 10. O-O a6 11. Rc1 Rc8 12. c3 h6 13. Qb3 Qd7 14. Rfd1
Na5 15. Qa3 Nc4 16. Qb3 Na5 17. Qa3 Nec6 18. b4 Nxd4 19. Bxd4 Nc4 20. Bxc4
dxc4 21. Bc5 Bd5 22. Bxf8 Kxf8 23. Qb2 Qc7 24. Qe2 Ke7 25. Nd4 Rcd8 26. Qe3
g6 27. Qf4 Ke8 28. Qf6 Rg8 29. Qf4 g5 30. Qe3 g4 31. Re1 Rg5 32. Qg3 Kf8
33. a4 b6 34. Rcd1 Kg8 35. b5 a5 36. Qf4 Rd7 37. Qf6 Rg6 38. Qf4 Qc5 39.
Nc2 h5 40. Rd4 Qe7 41. Ne3 Qa3 42. Nxc4 Qc5 43. Red1 Rc7 44. Ne3 Qxc3 45.
Nxd5 exd5 46. Rxd5 Qc2 47. e6 Rxe6 48. Qg5+ Rg6 49. Rd8+ Kg7 50. Qxh5 Rh6
51. Qxg4+ Rg6 52. Qh4 Rh6 53. Qg5+ Rg6 54. Qd5 Rc5 55. Qa8 Rf5 56. Rg8+ Kh6
57. Qf8+ Kh5 58. Rh8+ Kg5 59. Qd8+ Rgf6 60. h4+ Kg4 61. Rd4+ Rf4 62. Rxf4+
1-0